00979nam a22002537a 450000500170000001000130001702000260003003500130005603700160006904000120008508200130009710000180011024500940012826000470022227000550026930000200032465000290034465000260037370000250039994200220042499900190044695201360046595201240060120170124110037.0 aB-082232 c295.00a9780195664010 aB-082232 bCen Lib/Ret aDPLbEN a821bNIR aNirala926076 aA season on the earthcby Nirala [and] translated by David Rubin bselected poems Nirala/ aNew Delhi bOxford University Press c1977 aYMCA Building Jai Singh Road, bNew Delhi e110001 a151p.c21cm(Hb) aHindi literature 988381 aPoetryxNirala922890 aRubin, David 922891 2ddccENh821mNIR c128270d128270 00104070aLbLd2015-07-02eCen Lib/Retg295.00l2o821 NIRpB-082232r2025-05-13 00:00:00s2025-04-29t1v295.00w2015-07-02yEN 00104070aLbLd2015-07-04eCen Lib/Retg295.00l0o821 NIRpB-065070r2015-07-04 00:00:00t1v295.00w2015-07-04yEN